书目信息 |
| 题名: |
技术维度下的教育变革
|
|
| 作者: | 朱珂 著 | |
| 分册: | ||
| 出版信息: | 北京 科学出版社 2025.11 |
|
| 页数: | 294页 | |
| 开本: | 20cm | |
| 丛书名: | ||
| 单 册: | ||
| 中图分类: | G511 | |
| 科图分类: | ||
| 主题词: | 教育事业--世界 | |
| 电子资源: | ||
| ISBN: | 978-7-03-083649-6 | |
| 000 | 01025nam0 2200217 450 | |
| 001 | 2636409368 | |
| 005 | 20260413101050.29 | |
| 010 | @a978-7-03-083649-6@dCNY158.00 | |
| 100 | @a20260413d2025 km y0chiy0120 ea | |
| 101 | 0 | @achi |
| 102 | @aCN@b110000 | |
| 200 | 1 | @a技术维度下的教育变革@AJi Shu Wei Du Xia De Jiao Yu Bian Ge@f朱珂著@FZhu Ke Zhu |
| 210 | @a北京@c科学出版社@d2025.11 | |
| 215 | @a294页@d20cm | |
| 330 | @a本书纵向梳理六代技术形态重塑教育生态的过程, 提出“技术赋能理论 ” 解释框架。 深层机理强调技术与知识型发展紧密相关, 多元主义知识观推动教育革新。 实践维度通过全球比较与本土案例, 呈现发达国家与发展中国家的不同实践图景, 探讨场景化应用可能。 末章辩证反思智能技术时代教育转型, 警示技术异化风险。 本书融合哲学、历史与实践洞察, 为教育数字化转型提供兼具理论深度与现实意义的跨学科研究范例。 | |
| 510 | 1 | @a=Educational transformation in the technological dimension |
| 606 | 0 | @a教育事业@x世界 |
| 690 | @aG511@v4 | |
| 701 | 0 | @a朱珂@AZhu Ke@4著 |
| 801 | 0 | @aCN@b河南城建学院图书馆@c20260413 |
| 905 | @dG511@eZ851 | |
| 技术维度下的教育变革/朱珂著.-北京:科学出版社,2025.11 |
| 294页;20cm |
| ISBN 978-7-03-083649-6:CNY158.00 |
| 本书纵向梳理六代技术形态重塑教育生态的过程, 提出“技术赋能理论 ” 解释框架。 深层机理强调技术与知识型发展紧密相关, 多元主义知识观推动教育革新。 实践维度通过全球比较与本土案例, 呈现发达国家与发展中国家的不同实践图景, 探讨场景化应用可能。 末章辩证反思智能技术时代教育转型, 警示技术异化风险。 本书融合哲学、历史与实践洞察, 为教育数字化转型提供兼具理论深度与现实意义的跨学科研究范例。 |
| ● |
| 相关链接 |
|
|
|
正题名:技术维度下的教育变革
索取号:G511/Z851
 
预约/预借
| 序号 | 登录号 | 条形码 | 馆藏地/架位号 | 状态 | 备注 |
| 1 | 1574975 | 215749750 | 社科库409/ [索取号:G511/Z851] | 在馆 |